00632nam a2200217 i 4500001001100000003000500011005001700016008004100033020001500074040002500089082001500114100002900129245001700158250002200175264005700197300005000254336002100304337002500325338002300350650004100373C2-0121402PPAK20180727113105.0970819s1990 flua|||| ||||| | eng d a0866253696 aPPAKbengcPPAKerda04a978.012231 aUpton, Harriet, eauthor10aTrailblazers aRourke, Arlene C. 1aVero Beach, Florida : bRourke Publications , c1990 a[32 pages] : bcolour illustrations ; c28 cm 2rdacontentatext 2rdamediaaunmediated 2rdacarrieravolume10aWest (U.S.) - Description and travel